000
00328nam a2200145Ia 4500
008
210210b1915 xxu||||| |||| 00| 0 eng d
041
_a
eng
082
_a
911/35
100
_a
MANDEVILLE (J)
245
_a
Travels
260
_a
London
_b
Macmillan & Co. Ltd.
_c
1915
650
_a
Travels
690
_a
Travel
906
_a
024706
999
_c
150328
_d
150328